Description de la cavalcade, accompagnée de chars de triomphe, qui sera exécutée en partie par les écoliers du gouvernement, et en partie par les sujets des états de Brabant, à la ocasion du triomphe mémorable de la décadence des intendans capitaines, commisaires et secretaires des cercles, des présidens et juges de premiere instance; suivie de la grandeur des états du duché de Brabant, des neuf nations, de la ville de Bruxelles et du peuple Brabançon

Detalles Bibliográficos
Formato: Libro
Lenguaje:Undetermined
French
Publicado: en Brabant : s.n., 1787.
Materias:
Colección:Banco de datos
Acervo:Biblioteca Palafoxiana. Colección bibliográfica
Descripción Física:16 p. ; 4°
Tema general:Historia civil
Notas:Número de localización: 31784-Aa Encuadernado con 33 obras
LEADER 00911nam a2200157Ia 4500
008 150723s9999 xx 000 0 und d
041 0 |a fre 
050 0 |a PAFX D20 E6 
245 1 0 |a Description de la cavalcade, accompagnée de chars de triomphe, qui sera exécutée en partie par les écoliers du gouvernement, et en partie par les sujets des états de Brabant, à la ocasion du triomphe mémorable de la décadence des intendans capitaines, commisaires et secretaires des cercles, des présidens et juges de premiere instance; suivie de la grandeur des états du duché de Brabant, des neuf nations, de la ville de Bruxelles et du peuple Brabançon 
260 |a en Brabant : s.n., 1787. 
300 |a 16 p. ; 4° 
500 |a Número de localización: 31784-Aa Encuadernado con 33 obras 
650 1 0 |a Historia civil 
942 |c PALALIB 
943 |g Biblioteca Palafoxiana. Colección bibliográfica 
999 |c 1063241  |d 1063241